Представление документа в формате RUSMARC

ПолеНазваниеЗначение
  Тип записи a
  Библиографический уровень m
001 Контрольный номер RU/SLIB/B/208724719
005 Дата корректировки 20201206204000.2
010 Индекс ISBN __
d Цена 30000-00
101 Язык документа __
a Язык текста rus
c Язык оригинала rus
200 Заглавие и сведения об ответственности 0_
a Заглавие Политическая история: Россия - СССР - Российская Федерация
e Сведения, относящиеся к заглавию в 2 т.
f Первые сведения об ответственности Рос. независим. ин-т соц. и нац. проблем, Центр. полит. и эконом. истории России, Науч. центр "Русика" ; авт. кол.: С. В. Кулешов и др.
b Общее обозначение материала Текст
h Номер части Т. 1
210 Выходные данные __
a Место издания М.
c Издательство Терра
d Дата издания 1996
215 Физическое описание __
a Объем 654 с.
600 Персоналии __
a Персоналии (Фамилия) Герцен, А. И.
600 Персоналии __
a Персоналии (Фамилия) Николай
600 Персоналии __
a Персоналии (Фамилия) Александр
600 Персоналии __
a Персоналии (Фамилия) Екатерина
600 Персоналии __
a Персоналии (Фамилия) Павел
600 Персоналии __
a Персоналии (Фамилия) Петр
600 Персоналии __
a Персоналии (Фамилия) Рюриковичи
600 Персоналии __
a Персоналии (Фамилия) Столыпин, П. А.
601 Наименование организации как предмет __
a Наименование организации как предмет Боярская Дума
606 Тематические рубрики __
a Основная рубрика История
y Географическая подрубрика Россия; СССР; РСФСР; Золотая Орда; Древняя Русь
606 Тематические рубрики __
a Основная рубрика История России в целом
610 Ключевые слова __
a Ключевые слова земские соборы; империи; социалисты; крепостничество; перевороты; декабристы; власть; дворцовые перевороты; демократы; рыцари; бюрократия; реформы; цари; церковь; приказчики; либерализм; дворянская вольность; самодержавие; революционеры; народничество; марксизм; патриархи; оппозиция; монархи; кадеты; Февральская революция; большевики; меньшевики
686 Индексы других классификаций __
a Классификационный индекс 63.3(2)-3
801 Источник записи _0
a Страна RU
b Организация Муниципальное бюджетное учреждение культуры "Централизованная библиотечная система" г. Сургут (Центральная городская библиотека им. А. С. Пушкина)
g Правила каталогизации КИК/Елгина
801 Источник записи _1
a Страна RU
b Организация Муниципальное бюджетное учреждение культуры "Централизованная библиотечная система" г. Сургут (Центральная городская библиотека им. А. С. Пушкина)
g Правила каталогизации КИК/Елгина
852 Данные о местонахождении __
j Шифр хранения 63.3(2)-3
c Каталожный индекс 63.3(2)-3
i Авторский знак П 50
p Инвентарный номер 65872
901 Тип документа __
t Тип документа m
990 Данные о заказе (DOS) __
j Количество экземпляров (DOS) 1